Bravo - The Hits 2005 - Statistiken

Allgemein
  • Dieses Quiz wurde 144 mal gespielt
  • Das Durchschnittsergebnis liegt bei 12 aus 42
Antwortstatistiken
Song Interpret % Korrekt
Durch Den Monsun Tokio Hotel
89%
Emanuela Fettes Brot
76%
Dieser Weg Xavier Naidoo
71%
Pon De Replay Rihanna
66%
Hollaback Girl Gwen Stefani
63%
Don't Cha The Pussycat Dolls Feat. Busta Rhymes
60%
Feel Good Inc. Gorillaz
58%
From Zero To Hero Sarah Connor
50%
Push The Button Sugababes
46%
Don't Phunk With My Heart The Black Eyed Peas
42%
Behind These Hazel Eyes Kelly Clarkson
39%
Nur Ein Wort Wir Sind Helden
39%
Benzin Rammstein
35%
Aufstehn! Seeed Feat. Cee-Lo Green
35%
Du Erinnerst Mich An Liebe Ich + Ich
34%
We Be Burnin' (Recognize It) Sean Paul
33%
Ghetto Gospel 2Pac
32%
Incomplete Backstreet Boys
29%
First Day Of My Life Melanie C
28%
Let Me Love You Mario
26%
Liebe Ist Nena
24%
November Juli
23%
La Camisra Negra Juanes
22%
We Belong Together Mariah Carey
22%
Endgegner Bushido
21%
1, 2 Step Ciara Feat. Missy Elliott
18%
Galvanize The Chemical Brothers
18%
Over And Over Nelly Feat. Tim McGraw
17%
Switch Will Smith
17%
Get Right Jennifer Lopez
16%
All About Us t.A.T.u.
16%
Mama (Ana Ahabak) Christina Stürmer
15%
Femme Like U K-Maro
14%
Just Because Of You US5
10%
California Phantom Planet
8%
Bad Girls Club Jeanette
7%
Love To Be Loved By You (The Wedding Song) Marc Terenzi
6%
Celice a-ha
5%
Sie Liegt In Meinen Armen Muhabbet
4%
Perfect Love Simply Red
3%
I Believe Joana Zimmer
2%
Die Nacht... Du Bist Nicht Allein Schiller Mit Thomas D
2%
Keine übereinstimmenden Quizze gefunden
Verteilung der Resultate
Anzahl Personen mit jedem Resultat
Perzentil nach korrekt beantworteten Fragen
Ihre Resultats-Entwicklung
Sie haben dieses Quiz noch nicht gespielt